[Event "Lozovatsky Memorial-A 2020"]
[Site "Chelyabinsk"]
[Date "2020.01.19"]
[Round "5.5"]
[White "Remizov, Yaroslav"]
[Black "Gutenev, Alexander"]
[Result "1/2-1/2"]
[WhiteElo "2382"]
[BlackElo "2457"]
[Annotator "ChessBase"]
[PlyCount "53"]
[EventDate "2020.01.15"]
[EventType "tourn"]
[EventCountry "RUS"]
[SourceTitle "playchess.com"]
[Source "ChessBase"]
[SourceQuality "1"]
[TimeControl "5400+30"]

1. e4 {[%emt 0:05:10]} c5 {[%emt 0:00:08]} 2. Nf3 {[%emt 0:00:05]} e6 {[%emt 0:00:28]} 3. d4 {[%emt 0:00:26]} cxd4 {[%emt 0:00:05]} 4. Nxd4 {[%emt 0:00:02]} Nf6 {[%emt 0:00:08]} 5. Nc3 {[%emt 0:00:50]} Nc6 {[%emt 0:00:06]} 6. Ndb5 {[%emt 0:02:21]} Bc5 {[%emt 0:01:09]} 7. Bf4 {[%emt 0:02:59]} O-O {[%emt 0:00:24]} 8. Bc7 {[%emt 0:01:41]} Qe7 {[%emt 0:00:05]} 9. Bd6 {[%emt 0:01:11]} Bxd6 {[%emt 0:00:06]} 10. Qxd6 {[%emt 0:00:18]} Qd8 {[%emt 0:00:06]} 11. Qc7 {[%emt 0:07:33]} d5 {[%emt 0:10:35]} 12. Qxd8 {[%emt 0:11:55]} Rxd8 {[%emt 0:00:29]} 13. exd5 {[%emt 0:00:08]} exd5 {[%emt 0:00:56]} 14. Rd1 {[%emt 0:00:07]} Bf5 {[%emt 0:02:58]} 15. Nc7 {[%emt 0:16:29]} Rac8 {[%emt 0:09:20]} 16. N7xd5 {[%emt 0:07:08]} Nxd5 {[%emt 0:00:41]} 17. Rxd5 {[%emt 0:05:57]} Bxc2 {[%emt 0:09:43]} 18. Bc4 {[%emt 0:05:20]} Ne5 {[%emt 0:19:54]} 19. Rxe5 {[%emt 0:06:44]} Rxc4 {[%emt 0:00:07]} 20. Ke2 {[%emt 0:00:07]} Rcd4 {[%emt 0:02:40]} 21. Rc1 {[%emt 0:02:18]} Rd2+ {[%emt 0:04:22]} 22. Ke1 {[%emt 0:00:12]} a6 {[%emt 0:01:09]} 23. Nd5 {[%emt 0:01:37]} R2xd5 {[%emt 0:01:07]} 24. Rxd5 {[%emt 0:00:07]} Rxd5 {[%emt 0:00:04]} 25. Rxc2 {[%emt 0:00:04]} Kf8 {[%emt 0:00:33]} 26. Rc7 {[%emt 0:00:29]} Ra5 {[%emt 0:04:39]} 27. Rxb7 {[%emt 0:00:37]} 1/2-1/2

[Event "Lozovatsky Memorial-A 2020"]
[Site "Chelyabinsk"]
[Date "2020.01.20"]
[Round "6.1"]
[White "Drygalov, Andrey"]
[Black "Gutenev, Alexander"]
[Result "1/2-1/2"]
[WhiteElo "2492"]
[BlackElo "2457"]
[Annotator "TA"]
[PlyCount "29"]
[EventDate "2020.01.15"]
[EventType "tourn"]
[EventCountry "RUS"]
[SourceTitle "playchess.com"]
[Source "ChessBase"]
[SourceQuality "1"]

{[%evp 18,29,20,18,23,0,0,0,0,-38,0,0,0,0]} 1. e4 c5 2. Nf3 e6 3. d4 cxd4 4. Nxd4 Nf6 5. Nc3 Nc6 6. a3 d6 7. Be3 Be7 8. Be2 O-O 9. O-O Qc7 10. f4 Nxd4 {B45: Sicilian Four Knights} 11. Qxd4 b6 12. Kh1 $146 ({Predecessor:} 12. Bf3 Bb7 13. Rad1 Rac8 14. Nb5 Qb8 15. c4 Rfd8 16. b4 d5 17. cxd5 exd5 18. e5 {½-½ (48) Kovalev,V (2639)-Kanarek,M (2509) Warsaw 2017}) 12... Bb7 13. Bf3 Rfd8 14. Qd3 Rac8 15. Rac1 1/2-1/2

[Event "Lozovatsky Memorial-A 2020"]
[Site "Chelyabinsk"]
[Date "2020.01.20"]
[Round "6.2"]
[White "Radzhabov, Rodion"]
[Black "Kostenko, Petr"]
[Result "0-1"]
[WhiteElo "2381"]
[BlackElo "2433"]
[Annotator "TA"]
[PlyCount "94"]
[EventDate "2020.01.15"]
[EventType "tourn"]
[EventCountry "RUS"]
[SourceTitle "playchess.com"]
[Source "ChessBase"]
[SourceQuality "1"]

{[%evp 9,94,41,44,25,22,27,20,0,0,0,30,29,21,16,39,-12,0,-8,0,0,-4,-36,0,0,0,0,0,0,0,0,6,-15,47,44,40,-11,-14,-11,-20,-15,-21,-48,-57,-92,-100,-240,-227,-225,-229,-228,-229,-230,-233,-222,-175,-209,-175,-183,-180,-174,-136,-136,-136,-136,-124,-136,-136,-244,-237,-1159,-968,-1719,-1659,-2857,-2729,-2130,-2071,-2048,-1662,-1509,-1276,-799,-716,-7464,-6723,-29973,-29974]} 1. e4 c6 2. Nc3 d5 3. Qe2 (3. Nf3 dxe4 4. Nxe4 Nf6 5. Qe2 e6 6. Nxf6+ Qxf6 7. d4 Qd8 8. c3 Nd7 9. g3 Be7 10. Bg2 O-O 11. O-O Nf6 12. Ne5 Nd7 13. Nd3 {1-0 (71) Mamedov,R (2659)-Nepomniachtchi,I (2767) Moscow 2019}) 3... a6 4. f4 g6 $146 ({Predecessor:} 4... b5 5. d3 g6 6. Nf3 Bg7 7. g3 Nf6 8. e5 Ng8 9. Bg2 e6 10. Nd1 c5 {1-0 (41) Radzhabov,R (2332)-Borisenko,V (2289) Cheliabinsk 2018}) 5. Nf3 Bg7 6. g3 {B11: Caro-Kann: Two Knights Variation} dxe4 7. Nxe4 Nf6 8. d3 {The position is equal.} O-O 9. Bg2 a5 10. O-O a4 11. Rb1 Nbd7 12. b4 (12. Bd2 $14) 12... axb3 13. axb3 Nd5 14. c4 Nb4 15. Rd1 Ra2 16. Rd2 Qb6+ 17. Kh1 Rxd2 18. Bxd2 Nf6 19. Be3 Qc7 20. Qd2 Nxd3 (20... Qa5 $11) 21. Nxf6+ $1 $14 ({And not} 21. Qxd3 Nxe4 22. Nh4 (22. Qxe4 $2 Bf5 $19 {[%mdl 64] Skewer}) 22... Nd6 $17) 21... Bxf6 22. Qxd3 (22. Bf1 $1 $14) 22... Bf5 $11 23. Qf1 {[#] Threatens to win with Rd1.} Bxb1 24. Qxb1 Ra8 $36 {[%mdl 2048] Black has the initiative.} 25. Qe4 Ra1+ {[%mdl 1024] Black has compensation.} 26. Bg1 Qb6 27. g4 (27. h4 $17 {was worth a try.}) 27... Qf2 $1 $19 28. h4 {[#]} Bd4 $1 {[%cal Ra1g1][%mdl 512]} 29. Kh2 (29. Qxd4 Rxg1+) 29... Rxg1 30. Nxg1 Qxg1+ 31. Kh3 Qf2 32. b4 Bc3 {...Be1 is the strong threat.} 33. Qxe7 Qxf4 {Strongly threatening ...Be5.} 34. Qe4 Qxe4 35. Bxe4 Bxb4 {[%mdl 4096] Endgame KB-KB} 36. h5 Kg7 37. hxg6 hxg6 38. g5 (38. Kg3 $17) 38... Kf8 39. Kg4 $2 (39. Bf3) 39... Ke7 40. Bf3 Kd6 41. Be2 Kc5 42. Bd3 Kd4 43. Be2 Be7 44. Bf1 Bd8 45. Be2 c5 46. Bf3 b5 47. cxb5 c4 {Accuracy: White = 31%, Black = 72%.} 0-1

[Event "Lozovatsky Memorial-A 2020"]
[Site "Chelyabinsk"]
[Date "2020.01.20"]
[Round "6.3"]
[White "Korneev, Oleg"]
[Black "Remizov, Yaroslav"]
[Result "0-1"]
[WhiteElo "2513"]
[BlackElo "2382"]
[Annotator "TA"]
[PlyCount "76"]
[EventDate "2020.01.15"]
[EventType "tourn"]
[EventCountry "RUS"]
[SourceTitle "playchess.com"]
[Source "ChessBase"]
[SourceQuality "1"]

{[%evp 18,76,10,11,0,0,27,18,21,29,35,15,37,0,0,-20,-22,-22,-20,-6,-18,-13,-10,-7,-11,-353,-349,-354,-353,-337,-345,-337,-335,-336,-327,-445,-445,-427,-446,-443,-431,-445,-447,-445,-441,-458,-455,-512,-510,-641,-634,-603,-568,-680,-665,-737,-712,-734,-648,-701,-675]} 1. e4 c5 2. Nf3 d6 3. d4 cxd4 4. Nxd4 Nf6 5. Nc3 a6 6. Be3 e5 7. Nf3 Be7 8. Bc4 O-O 9. O-O Be6 10. Bb3 b5 {B90: Sicilian Najdorf: Unusual White 6th moves, 6 Be3 Ng4 and 6 Be3 e5} 11. Nd5 (11. Re1 Qc8 12. Bg5 Nbd7 13. Re2 Qb7 14. Rd2 Rfe8 15. Bxf6 Nxf6 16. Qe2 Rac8 17. Nd5 Nxd5 18. Bxd5 {½-½ (28) Nisipeanu,L (2674)-Wojtaszek,R (2749) Germany 2018}) 11... Nc6 $146 ({Predecessor:} 11... Nbd7 12. Nxf6+ Nxf6 13. Qd3 Bxb3 14. axb3 d5 15. Nxe5 Qc7 16. Bd4 dxe4 17. Qc3 Rfc8 18. Qxc7 Rxc7 {½-½ (31) Bokros,A (2455)-Ftacnik,L (2512) Slovakia 2019}) 12. Nxf6+ Bxf6 {The position is equal.} 13. Qd3 Qe7 14. a4 Rab8 15. axb5 Nb4 16. Qd2 Bxb3 17. Qxb4 Rxb5 18. Qd2 Be6 19. b3 d5 20. Rxa6 dxe4 21. Qe2 $2 {[%mdl 8192] [#]} (21. Ng5 $11) 21... Qb7 $19 22. Ra7 exf3 23. Rxb7 fxe2 24. Rxb5 {[#] Threatens to win with Re1.} exf1=Q+ 25. Kxf1 Rc8 26. Bc5 Bd7 {Black is clearly winning.} 27. Ra5 Bd8 28. Ra7 Bf5 29. b4 Bxc2 30. Ke2 f5 31. Kd2 Be4 32. f3 Bc6 33. Kc3 Ra8 34. Rxa8 Bxa8 35. b5 Kf7 36. Kc4 Ke6 37. Bf8 g6 38. Bh6 Bb6 {Accuracy: White = 48%, Black = 74%.} 0-1

[Event "Lozovatsky Memorial-A 2020"]
[Site "Chelyabinsk"]
[Date "2020.01.20"]
[Round "6.4"]
[White "Bezgodov, Alexei"]
[Black "Salemgareev, Tagir"]
[Result "0-1"]
[WhiteElo "2456"]
[BlackElo "2458"]
[Annotator "TA"]
[PlyCount "92"]
[EventDate "2020.01.15"]
[EventType "tourn"]
[EventCountry "RUS"]
[SourceTitle "playchess.com"]
[Source "ChessBase"]
[SourceQuality "1"]

{[%evp 21,92,26,36,31,43,18,32,40,37,30,52,19,29,-42,-18,-50,-45,-49,-67,-69,-43,-44,-47,-98,-69,-87,-33,-31,-35,-101,-101,-102,-96,-110,-105,-118,-112,-103,-96,-132,-64,-79,-77,-73,-74,-81,-82,-66,-80,-102,-37,-177,-182,-182,-181,-274,-265,-304,-290,-419,-399,-662,-642,-606,-585,-1195,-1172,-753,-662,-535,-395,-12838,-12838]} 1. e4 c5 2. Nf3 Nc6 3. d4 cxd4 4. Nxd4 e5 5. Nb5 d6 6. c4 Be7 7. N1c3 a6 8. Na3 f5 9. exf5 Bxf5 10. Bd3 Be6 11. O-O Nf6 12. Nc2 {B32: Sicilian: Löwenthal and Kalashnikov Variations} O-O 13. Ne3 (13. b3 Qd7 14. Bb2 Bd8 15. Ne4 Bb6 16. Qe2 Rad8 17. Kh1 Nxe4 18. Bxe4 {½-½ (50) Yu,Y (2764)-Potapov,P (2516) St Petersburg 2018}) 13... Nd4 14. b3 {White is slightly better.} Qd7 15. Bb2 Bd8 16. Ne4 $146 ({Predecessor:} 16. Ne2 Nxe2+ 17. Qxe2 Bb6 18. Kh1 Rae8 19. Rad1 {0-1 (35) Chalupa,I (2161)-Svoboda,V (2266) Czechia 2011}) 16... Bb6 17. Nxf6+ (17. Kh1 $11) 17... Rxf6 $15 18. Be4 Raf8 19. Nd5 Bxd5 $1 20. Bxd5+ Kh8 21. b4 Nc6 22. Bf3 {[#]} (22. a3 $15) 22... Rxf3 $1 {[%mdl 512]} 23. gxf3 (23. Qxf3 Rxf3) 23... Qh3 (23... Bd4 $17 24. b5 axb5 25. cxb5 Bxb2 26. bxc6 bxc6) 24. Kh1 $1 Bd4 25. Rb1 ({White should try} 25. Bxd4 $1 $15 Nxd4 26. Rg1) 25... Bxb2 $1 $17 (25... Rxf3 $6 26. b5 $14) 26. Rxb2 Nd4 ({Don't play} 26... Rxf3 $6 27. Re1 $11) 27. Rg1 Nxf3 {[%csl Gf3][%cal Rh3h2]} 28. Rg2 {[#]} Rf6 $1 {[%cal Rf6h6]} 29. Rb3 e4 $40 {[%mdl 128] White is in trouble.} 30. Re3 Rh6 ({And not} 30... Rg6 31. Qxf3 Qxf3 32. Rxf3 $11) (30... h6 $17 31. Qa4 {[#]} (31. Rxe4 $2 Rg6 $19) 31... b5 $1 {[%mdl 512]}) 31. Qxf3 $1 $15 Qxf3 32. Rxf3 exf3 {[%mdl 4096] Endgame KR-KR} 33. Rg3 Rf6 34. h3 Kg8 35. Kh2 Rf4 (35... Rf5 $17) 36. c5 ({White should play} 36. Rg4 $15 Rxg4 37. hxg4) 36... dxc5 $19 37. bxc5 Rf5 38. a4 (38. h4 $142) 38... Kf7 39. Rg4 Rxc5 40. Rf4+ (40. Kg3 $142) 40... Ke6 41. Rxf3 $2 (41. Rg4 g6 42. Kg3) 41... b5 42. axb5 axb5 {[%cal Ba6b5,Bb5b4][%mdl 32]} 43. Rf8 Rf5 44. Rh8 Rxf2+ 45. Kg3 Rf7 46. Rxh7 $2 (46. Rb8 Rf5 47. Rh8) 46... b4 {Accuracy: White = 38%, Black = 58%.} 0-1

[Event "Lozovatsky Memorial-A 2020"]
[Site "Chelyabinsk"]
[Date "2020.01.20"]
[Round "6.5"]
[White "Harutjunyan, Gevorg"]
[Black "Badelka, Olga"]
[Result "0-1"]
[WhiteElo "2444"]
[BlackElo "2392"]
[Annotator "TA"]
[PlyCount "80"]
[EventDate "2020.01.15"]
[EventType "tourn"]
[EventCountry "RUS"]
[SourceTitle "playchess.com"]
[Source "ChessBase"]
[SourceQuality "1"]

{[%evp 15,84,12,6,-7,-2,-9,-19,-13,-20,-7,-19,-67,22,0,30,-8,-7,-118,-127,-170,-167,-166,-158,-176,-175,-170,-159,-152,-156,-168,-152,-179,-152,-237,-227,-239,-228,-238,-241,-276,-251,-359,-394,-389,-381,-381,-370,-622,-642,-628,-609,-637,-625,-1664,-1620,-6071,-920,-5722,-5268,-29982,-29983,-29985,-29979,-29986,-29987,-29985,-29984,-29984,-29982,-29990,-29990]} 1. e4 c5 2. Nf3 Nc6 3. Bb5 g6 4. O-O Bg7 5. c3 Nf6 6. Re1 O-O 7. h3 Qb6 8. Na3 d6 9. d4 {B31: Sicilian: 2...Nc6 3 Bb5 g6} (9. Bf1 a6 10. d3 Qc7 11. Bf4 e5 12. Bg5 h6 13. Bxf6 Bxf6 14. Nc4 Be6 15. Ne3 Bg7 16. g3 f5 {0-1 (40) Chigaev,M (2551)-Alekseev,E (2636) St Petersburg 2016}) 9... cxd4 10. cxd4 d5 11. e5 {The position is equal.} Ne4 12. Bd3 Rd8 13. Nc2 {[#]} f6 $146 (13... Bxe5 $1 $15 {[%mdl 512]} 14. dxe5 (14. Nxe5 Nxe5 15. dxe5 Qxf2+ 16. Kh1 Bxh3 $15) 14... Qxf2+ 15. Kh2 Qg3+ 16. Kg1 Nf2) ({Predecessor:} 13... Bxe5 14. Bxe4 dxe4 15. Nxe5 Nxe5 16. Rxe4 Nc6 {½-½ (36) Hernandez Munoz,J (2344)-Iriarte Gomez,E (2214) ICCF email 2005}) 14. Qe2 Bf5 {[%cal Rf6e5]} 15. Bf4 (15. g4 Be6 $15) (15. exf6 {keeps more tension.} Bxf6 16. g4 Be6 17. Bf4 Rac8 18. Qe3) 15... fxe5 16. Bxe4 (16. Nxe5 $11 Nxd4 17. Nxd4 Qxd4 18. Bxe4 Bxe4 19. Rad1) 16... Bxe4 $17 17. Nxe5 Nxe5 (17... Nxd4 18. Nxd4 Qxd4 19. Rad1 $15) 18. Bxe5 Bxe5 ({Resist} 18... Qxb2 19. Bxg7 Kxg7 20. Ne3 $15) 19. dxe5 Qxb2 20. Ne3 Qxe2 ({But not} 20... Qxe5 21. Rad1 $15) 21. Rxe2 d4 22. Ng4 Bc6 23. f4 Rac8 24. Rc1 (24. Rd2 $17) 24... h5 $19 25. Nf2 Bb5 26. Rxc8 Rxc8 {[%mdl 4096] Endgame KRB-KRN} 27. Rb2 a6 {[%cal Ba7a6,Ba6b5][%mdl 32]} 28. Rb4 (28. Rd2 {might work better.}) 28... Rc1+ 29. Kh2 Rc2 30. a4 Bc4 {And now ...a5 would win.} ({Weaker is} 30... Rxf2 31. Kg3 $17) 31. Kg3 $2 (31. a5 Rxf2 32. Rxc4 Rxf4 33. g4) 31... b5 32. axb5 axb5 33. Ne4 d3 34. Rb1 Bd5 35. Ng5 Rxg2+ 36. Kh4 d2 37. f5 {[#]} Bb3 $1 {[%mdl 512] Black mates.} 38. Ra1 (38. Rxb3 d1=Q) 38... Ba4 39. f6 exf6 40. exf6 {[#]} d1=Q {Played: Rg2xg5} 0-1

[Event "Lozovatsky Memorial-A 2020"]
[Site "Chelyabinsk"]
[Date "2020.01.21"]
[Round "7.1"]
[White "Badelka, Olga"]
[Black "Drygalov, Andrey"]
[Result "1/2-1/2"]
[WhiteElo "2392"]
[BlackElo "2492"]
[Annotator "TA"]
[PlyCount "94"]
[EventDate "2020.01.15"]
[EventType "tourn"]
[EventCountry "RUS"]
[SourceTitle "playchess.com"]
[Source "ChessBase"]
[SourceQuality "1"]

{[%evp 11,94,0,0,4,0,0,14,0,0,-31,0,-2,6,12,21,14,21,-5,20,1,29,0,13,16,14,0,0,-70,-89,-78,-3,-29,-5,-6,0,0,12,8,12,2,50,50,56,62,64,49,64,15,15,15,15,15,15,15,16,12,15,9,18,8,19,19,19,18,18,16,19,19,21,18,25,23,26,24,38,23,23,17,20,22,22,9,34,26,34]} 1. c4 Nf6 2. Nc3 e5 3. g3 d5 4. cxd5 Nxd5 5. Bg2 Nb6 6. Nf3 Nc6 7. Rb1 {A29: English Opening: Four Knights Variation with 4 g3} (7. O-O Be7 8. a3 O-O 9. b4 Be6 10. b5 Nd4 11. Rb1 f6 12. e3 Nxf3+ 13. Bxf3 Qc8 14. a4 a5 15. bxa6 Rxa6 16. d4 Rd8 17. Qc2 Bf5 {½-½ (43) Ding,L (2801)-Nakamura,H (2741) Kolkata 2019}) 7... a5 8. a3 Be7 9. O-O {The position is equal.} O-O 10. b4 axb4 11. axb4 Nxb4 12. Nxe5 c6 $146 ({Predecessor:} 12... c5 13. Bb2 Bf5 14. Bxb7 Bxb1 15. Qxb1 Rb8 16. Be4 g6 {0-1 (39) Shirazi,K (2369)-Istratescu,A (2623) Fourmies 2011}) 13. d4 Be6 14. Bf4 Ra3 15. Qc1 Qa8 16. Ne4 N6d5 $1 17. Bd2 Qa7 18. Nc5 Na2 19. Qb2 ({White should try} 19. Qc2 $11 Bxc5 20. Bxd5 Bxd4 21. Bxe6 fxe6 22. Nf3) 19... Bxc5 $15 20. dxc5 {[#]} Nac3 (20... Ndc3 $1 $17 21. Bxc3 Nxc3) 21. Rbe1 $11 {Threatens to win with e4.} Ra2 22. Qc1 $36 {[%mdl 2048] White is pushing.} Nb5 23. e4 Ne7 24. Be3 Bb3 25. f4 Qa4 26. Rf2 f6 27. Rxa2 Qxa2 28. Nf3 Rd8 29. Qa1 Qxa1 30. Rxa1 f5 31. Ne5 fxe4 32. Bxe4 Nd5 33. Bf2 Nf6 34. Bd3 Be6 35. Kg2 Ng4 36. Nxg4 Bxg4 37. Bc4+ Kf8 38. h3 Bf5 39. g4 Be4+ 40. Kg3 Bd5 41. Bd3 h6 42. f5 Bf7 43. Be4 Nc3 44. Kf4 Nxe4 45. Kxe4 Bd5+ 46. Kf4 Re8 47. Re1 Rxe1 {Accuracy: White = 49%, Black = 53%.} 1/2-1/2

[Event "Lozovatsky Memorial-A 2020"]
[Site "Chelyabinsk"]
[Date "2020.01.21"]
[Round "7.2"]
[White "Salemgareev, Tagir"]
[Black "Harutjunyan, Gevorg"]
[Result "1/2-1/2"]
[WhiteElo "2458"]
[BlackElo "2444"]
[Annotator "TA"]
[PlyCount "71"]
[EventDate "2020.01.15"]
[EventType "tourn"]
[EventCountry "RUS"]
[SourceTitle "playchess.com"]
[Source "ChessBase"]
[SourceQuality "1"]

{[%evp 9,71,17,32,5,37,5,8,0,2,0,6,0,0,0,0,-13,0,0,0,0,0,-6,-8,-8,22,16,13,0,0,0,0,-14,0,0,59,57,51,49,83,83,83,83,76,75,68,57,61,52,82,57,63,50,49,27,24,0,0,0,0,0,0,9,6,9]} 1. d4 d5 2. c4 Nc6 3. Nc3 Nf6 4. cxd5 Nxd5 5. Nf3 e5 6. dxe5 {D07: Queen's Gambit: Chigorin Defence} Bb4 7. Bd2 (7. a3 {seems wilder.} Bxc3+ 8. bxc3 Bf5 9. Bg5 Qd7 10. e3) 7... Nxc3 8. bxc3 Ba5 9. e3 O-O 10. c4 $146 (10. Qa4 {is interesting.} Bd7 11. Rd1 Re8 12. Qe4 Qe7 13. c4) ({Predecessor:} 10. Qa4 Bb6 11. Qf4 Qe7 12. h4 f6 13. exf6 Rxf6 {0-1 (41) Aronian,L (2795)-Rapport,R (2730) Novi Sad 2016}) 10... Bxd2+ 11. Qxd2 Qe7 12. Qb2 a5 13. a3 Bg4 14. Be2 Bxf3 15. Bxf3 Nxe5 {[#] And now ...Nd3+ would win.} 16. Be2 Qf6 17. Rb1 b6 18. O-O Qe7 19. Rfd1 Rad8 20. Rd4 Nc6 21. Rd5 Rd6 (21... Nb8 $11) 22. Rc1 Rb8 23. g3 Qe4 24. Rxd6 cxd6 25. Rd1 Qe7 26. Rd5 Qc7 27. h4 h6 28. h5 Ne7 29. Rb5 Nc6 30. Qb1 Ne5 31. Qe4 Rc8 32. Bd3 Nxd3 {The position is equal.} 33. Qxd3 Qxc4 34. Qxc4 Rxc4 35. Rxb6 Rc5 36. Rxd6 {Accuracy: White = 42%, Black = 62%.} 1/2-1/2

[Event "Lozovatsky Memorial-A 2020"]
[Site "Chelyabinsk"]
[Date "2020.01.21"]
[Round "7.3"]
[White "Kostenko, Petr"]
[Black "Bezgodov, Alexei"]
[Result "0-1"]
[WhiteElo "2433"]
[BlackElo "2456"]
[Annotator "TA"]
[PlyCount "60"]
[EventDate "2020.01.15"]
[EventType "tourn"]
[EventCountry "RUS"]
[SourceTitle "playchess.com"]
[Source "ChessBase"]
[SourceQuality "1"]

{[%evp 9,60,8,27,15,20,17,21,6,19,27,35,0,0,0,0,0,0,0,0,-95,-88,-99,-94,-101,-81,-79,-77,-103,-103,-109,-106,-122,-114,-196,-154,-156,-164,-284,-281,-361,-355,-332,-354,-341,-321,-337,-316,-379,-372,-29995,-29996,-29998,-29999]} 1. e4 e5 2. Nf3 Nf6 3. d4 Nxe4 4. dxe5 d5 5. Nbd2 Nc5 6. Be2 {C43: Petroff Defence: 3 d4} Be7 7. O-O O-O 8. Nb3 {The position is equal.} Nc6 9. c3 Bg4 10. h3 $146 (10. Re1 {is more complex.} a5 11. Nxc5 Bxc5 12. Bf4 Ne7 13. h3) ({Predecessor:} 10. Bf4 Ne6 11. Bg3 f6 12. exf6 Bxf6 13. Qc2 Ne7 14. Rad1 {1-0 (61) Zubov,A (2612)-Karaokcu,E (2198) Konya 2017}) 10... Bxf3 11. Bxf3 Nxe5 12. Bxd5 c6 13. Nxc5 Bxc5 14. Be4 {[#]} (14. Bb3 $11) 14... Bxf2+ $1 $17 {[%mdl 512]} 15. Kh1 {Black must now prevent Qh5!} (15. Rxf2 Qxd1+) 15... Qxd1 16. Rxd1 f5 17. Bc2 f4 $36 {[%mdl 2048] Keeping White busy.} 18. a4 g5 19. a5 Rad8 20. Rf1 Bg3 21. b3 (21. a6 $17 {was worth a try.} b6 22. Ra4) 21... Rfe8 22. a6 b6 23. Ra4 {[#]} (23. Bd1 $142) 23... Nd3 $1 $19 24. Rd4 Rxd4 25. cxd4 Nf2+ 26. Kg1 {[#]} Re2 $1 {[%cal Re2c2]} 27. Bb1 {Now Bf5 and White clings on.} h5 28. Bg6 g4 29. Bxh5 $2 {[#]} (29. Bxf4 $19 Bxf4 30. Bxh5) 29... gxh3 $1 {[%mdl 512]} 30. gxh3 Nxh3+ {Accuracy: White = 41%, Black = 80%.} 0-1

[Event "Lozovatsky Memorial-A 2020"]
[Site "Chelyabinsk"]
[Date "2020.01.21"]
[Round "7.4"]
[White "Remizov, Yaroslav"]
[Black "Radzhabov, Rodion"]
[Result "1/2-1/2"]
[WhiteElo "2382"]
[BlackElo "2381"]
[Annotator "TA"]
[PlyCount "98"]
[EventDate "2020.01.15"]
[EventType "tourn"]
[EventCountry "RUS"]
[SourceTitle "playchess.com"]
[Source "ChessBase"]
[SourceQuality "1"]

{[%evp 29,98,14,26,16,24,24,27,27,18,16,54,27,46,0,0,0,0,0,0,0,0,0,0,0,0,-12,-13,-14,-18,-22,-19,-37,-39,-39,-38,-29,0,-15,82,77,77,77,77,77,71,0,0,0,0,0,0,0,0,0,0,0,0,0,0,0,0,0,0,0,0,0,0,0,0,0,0]} 1. e4 c5 2. Nf3 e6 3. d4 cxd4 4. Nxd4 Nc6 5. Nc3 Qc7 6. Be2 a6 7. O-O Nf6 8. Be3 Bb4 9. Na4 O-O 10. Nxc6 bxc6 11. Nb6 Rb8 12. Nxc8 Rfxc8 13. Bxa6 Rf8 14. Bd3 Bd6 15. f4 e5 16. Qc1 {B49: Sicilian: Taimanov: 5 Nc3 Qc7 6 Be3 a6 7 Be2} (16. b3 exf4 17. Bd4 f3 18. e5 f2+ 19. Rxf2 {½-½ (19) Sikula,V (2540)-Korneev,O (2613) Austria 2009}) 16... Ng4 $146 ({Predecessor:} 16... exf4 17. Bxf4 Rfe8 18. b3 Nxe4 19. Bxd6 Qxd6 20. Qf4 Qxf4 21. Rxf4 Nc5 22. Raf1 f6 23. Bf5 Re7 {½-½ (57) Kokaia,G (1812)-Cori Quispe,K (2259) Al Ain 2013}) 17. f5 Qa5 18. Kh1 {White has an edge.} Bc5 19. Bd2 Qa7 20. Bc3 f6 21. h3 Nf2+ 22. Kh2 d5 23. Qe1 Nxd3 24. cxd3 d4 25. b4 Be7 26. Bd2 Qa3 27. Qb1 Bxb4 28. Bxb4 Rxb4 29. Qc2 Qa4 30. Rfc1 Qxc2 31. Rxc2 $15 {[%mdl 4096] Endgame KRR-KRR} Rb6 32. a4 {[%cal Ba2a4,Ba4a5,Ba5a6,Ba6a7][%mdl 32]} Rc8 33. a5 Rb3 (33... Ra6 $1 $11) 34. a6 $16 Rb6 35. a7 Ra8 36. g4 Kf7 37. g5 ({Better is} 37. Ra3 $16) 37... fxg5 $11 {The position is equal.} 38. Ra5 h5 39. Rc4 Rb7 40. Rxe5 Raxa7 {[#] And now ...Rb2+ would win.} 41. Rxd4 Rd7 (41... h4 $5 42. Kg2 $8 Rb1 $11) 42. Rxd7+ Rxd7 {KR-KR} 43. Rc5 Kf6 44. Rxc6+ Ke5 45. Re6+ Kf4 46. f6 gxf6 47. Rxf6+ Ke3 48. Rf5 Rxd3 49. Rxg5 Kxe4 {Accuracy: White = 75%, Black = 77%.} 1/2-1/2

[Event "Lozovatsky Memorial-A 2020"]
[Site "Chelyabinsk"]
[Date "2020.01.21"]
[Round "7.5"]
[White "Gutenev, Alexander"]
[Black "Korneev, Oleg"]
[Result "1/2-1/2"]
[WhiteElo "2457"]
[BlackElo "2513"]
[Annotator "TA"]
[PlyCount "33"]
[EventDate "2020.01.15"]
[EventType "tourn"]
[EventCountry "RUS"]
[SourceTitle "playchess.com"]
[Source "ChessBase"]
[SourceQuality "1"]

{[%evp 16,25,14,21,16,23,16,-1,20,23,32,4]} 1. e4 e5 2. Nf3 Nc6 3. Bb5 Nf6 4. O-O Nxe4 5. Re1 Nd6 6. Nxe5 Be7 7. Bf1 Nxe5 8. Rxe5 O-O 9. d4 Ne8 {C67: Ruy Lopez: Berlin Defence: 4 0-0 Nxe4} (9... Bf6 10. Re1 Re8 11. c3 Rxe1 12. Qxe1 Ne8 13. d5 c6 14. Qd1 b6 15. Bf4 Bb7 16. dxc6 dxc6 17. Nd2 c5 18. Nc4 Qxd1 19. Rxd1 {½-½ (40) Anand,V (2774)-Caruana,F (2819) Karlsruhe/Baden Baden 2019}) 10. d5 Bc5 11. Be3 d6 12. Bxc5 dxc5 13. Nc3 {[#]} {Predecessor:} Qf6 $146 14. Qe2 Nd6 15. Re1 Bd7 16. Qe3 Qxe5 17. Qxe5 {½-½ (44) Arizmendi Martinez,J (2506)-Predke,A (2611) Skopje 2019} 1/2-1/2